000
00302nam a2200121Ia 4500
008
220204s9999 xx 000 0 und d
082
_a
517.55
_b
CHU
100
_a
CHURCHILL, Ruel V
245
0
_a
Complex variables and applications
250
_a
Ed.3
260
_a
Tokyo
_b
McGraw Hill
_c
1974
942
_c
BK
999
_c
30481
_d
30481